000 00283nam a2200109 4500
999 _c507265
_d507265
082 _aL1 1948-49
100 _aIndia. Ministry of Finance
_91243
245 _aBudget, 1948-49
_cby Ministry of Finance
260 _aDelhi
_bManager of Publications
_c1949
300 _av.p.
942 _2ddc